Catalog

Record Details

Catalog Search



Starý profesor se hlásí o slovo  Cover Image Book Book

Starý profesor se hlásí o slovo / Dominik Pecka

Record details

  • Physical Description: 425 s. ; 21 cm
  • Edition: 1. vyd.
  • Publisher: Český Těšín : Cor Jesu, 1994
Subject: výchova a vzdělávání
Genre: úvahy

Available copies

  • 1 of 1 copy available at Common Catalog SPOK.

Holds

  • 0 current holds with 1 total copy.
Show Only Available Copies
Location Call Number / Copy Notes Barcode Shelving Location Status Due Date
Jabok Library BL-1/Pe 424480028208 Beletrie Available -

LDR 00866nam a2200289 a 4500
00117469
003CZ-PrJAB
00520200214105708.0
007tu
008030225s1994 xr e 000 mdcze
015 . ‡acnb001199448
020 . ‡q(Brož.)
035 . ‡a(CZ PrNK)cpk20031199448
035 . ‡a(OCoLC)37445665
040 . ‡aABA001 ‡bcze
072 7. ‡a37 ‡xVýchova a vzdělávání ‡2Konspekt ‡922
080 . ‡a37.0 ‡2MRF
080 . ‡a(0:82-4) ‡2MRF
1001 . ‡aPecka, Dominik, ‡d1895-1981 ‡7jk01092231 ‡4aut
24510. ‡aStarý profesor se hlásí o slovo / ‡cDominik Pecka
250 . ‡a1. vyd.
260 . ‡aČeský Těšín : ‡bCor Jesu, ‡c1994
300 . ‡a425 s. ; ‡c21 cm
65007. ‡avýchova a vzdělávání ‡7ph127419 ‡2czenas
655 7. ‡aúvahy ‡7fd134000 ‡2czenas
910 . ‡aABG312
995 . ‡aska
901 . ‡a17469 ‡bCZ PrNK ‡c17469 ‡tbiblio

Additional Resources